Linear algebra with applications / (Record no. 179001)

000 -LEADER
fixed length control field 00835 a2200205 4500
003 - CONTROL NUMBER IDENTIFIER
control field NUST
005 - DATE AND TIME OF LATEST TRANSACTION
control field 20221114143719.0
010 ## - LIBRARY OF CONGRESS CONTROL NUMBER
LC control number 85013673
020 ## - INTERNATIONAL STANDARD BOOK NUMBER
International Standard Book Number 0023698101
040 ## - CATALOGING SOURCE
Transcribing agency Nust
082 00 - DEWEY DECIMAL CLASSIFICATION NUMBER
Classification number 512.5,LEO
100 1# - MAIN ENTRY--PERSONAL NAME
Personal name Leon, Steven J.
9 (RLIN) 102586
245 10 - TITLE STATEMENT
Title Linear algebra with applications /
Statement of responsibility, etc. Steven J. Leon.
250 ## - EDITION STATEMENT
Edition statement 2nd ed.
260 ## - PUBLICATION, DISTRIBUTION, ETC.
Place of publication, distribution, etc. New York :
Name of publisher, distributor, etc. Macmillan ;
Place of publication, distribution, etc. London :
Name of publisher, distributor, etc. Collier Macmillan,
Date of publication, distribution, etc. c1986.
300 ## - PHYSICAL DESCRIPTION
Extent xv, 408 p. :
Other physical details ill. ;
Dimensions 26 cm.
505 ## - FORMATTED CONTENTS NOTE
Formatted contents note Matrices and Systems of Equations (Page-1), Determinants (Page-63), Vector Spaces (Page-85), Linear Transformation (Page-127), Orthogonality (Page-157), Eigen values (Page-229), Numerical Linear Algebra (Page-301), Bibliography (Page-381), Answer to Selected Exercises (Page-385).
650 #0 - SUBJECT ADDED ENTRY--TOPICAL TERM
Topical term or geographic name entry element Algebras, Linear.
9 (RLIN) 10720
942 ## - ADDED ENTRY ELEMENTS (KOHA)
Source of classification or shelving scheme
Koha item type Book
Call number prefix 512.5,LEO
Holdings
Withdrawn status Lost status Source of classification or shelving scheme Damaged status Not for loan Permanent Location Current Location Shelving location Date acquired Full call number Barcode Date last seen Price effective from Koha item type Public note Total Checkouts
          Military College of Signals (MCS) Military College of Signals (MCS) General Stacks 12/12/2016 512.5,LEO MCS4032 12/08/2016 12/12/2016 Book Almirah No.11, Shelf No.3  
          Military College of Signals (MCS) Military College of Signals (MCS) General Stacks 12/12/2016 512.5,LEO MCS4035 12/08/2016 12/12/2016 Book Almirah No.11, Shelf No.3  
          Military College of Signals (MCS) Military College of Signals (MCS) General Stacks 12/12/2016 512.5,LEO MCS4039 12/08/2016 12/12/2016 Book Almirah No.78, Shelf No.4  
          Military College of Signals (MCS) Military College of Signals (MCS) General Stacks 09/17/2025 512.5,LEO MCS4029 09/17/2025 09/17/2025 Book Almirah No.78, Shelf No.4  
© 2023 Central Library, National University of Sciences and Technology. All Rights Reserved.